Anales de la Academia Matritense del Notariado conferencias sobre la nueva Ley de sociedades ann̤imas / Tomo XXXI

Detalles Bibliográficos
Autor Corporativo: Academia Matritense del Notariado
Formato: Libro
Lenguaje:español
Publicado: Madrid : Editoriales de Derecho Reunidas, [1991]
Materias:
Acceso en línea:Acceso restringido

MARC

LEADER 00000nam a22000007a 4500
005 20110914105622.0
008 040924s1991 z 000 0 c
020 |a 84-7130-733-2 
035 |a 544 
040 |a ES-BaICA  |d vLex 
041 0 |a spa 
090 |c 2444  |d 2444 
110 2 |a Academia Matritense del Notariado 
245 1 0 |a Anales de la Academia Matritense del Notariado  |h [Recurso electrn̤ico] :  |b conferencias sobre la nueva Ley de sociedades ann̤imas /  |c Academia Matritense del Notariado  |p Tomo XXXI  
256 |a Servicio en ln̕ea. 
260 |a Madrid :  |b Editoriales de Derecho Reunidas,  |c [1991] 
300 |a 340 p. ;  |c 25 cm 
500 |a En la cubierta: Conferencias sobre la nueva Ley de Sociedades Anonimas  
506 1 |a Contenido solo disponible en los productos indicados  |d vLex Global  |d vLex Global (Academic Edition, excluding Law Schools)  |d vLex Global (U.S. Academic Edition, Law Schools)  |d vLex Global (U.S. Academic Edition, excluding Law Schools)  |d vLex Global (Academic Edition, Law Schools) 
650 0 4 |a Sociedades ann̤imas  |z Espaą 
740 0 |a vLex Libros (Servicio en ln̕ea) 
856 4 0 |u http://vlex.com/source/anales-academia-matriense-notariado-544  |z Acceso restringido 
907 |i   
942 |c BOOK